Mixed Word: Growing J Words Quiz Stats

 Plays Quiz Updated Feb 20, 2012

Support Sporcle.
Go Orange.
Score 0/12 Timer 03:00
0 Plays Today
Scramble Word % Correct
ABJJAB
99.9%
ZJAZJAZZ
99.7%
ICJEUJUICE
97.7%
ETRSJEJESTER
86.1%
JINGWAYALKJAYWALKING
73.1%
LUGRAJUJUGULAR
67%
IBEAKALJR JAILBREAK
63.7%
OSUITIXJTAINPJUXTAPOSITION
62%
CUSTATJIFIINOSJUSTIFICATIONS
57.6%
DECMERJAKHAMJACKHAMMERED
49.7%
TONTJEISJETTISON
33.3%
NALTJUROSISJOURNALISTS
15%

You're not logged in!

Compare scores with friends on all Sporcle quizzes.
OR
Log In
Forgot?

From the Vault

Find The Rule

by skuban

Is it possible for your brain to pull a hamstring, because we're pretty sure that's what just happened.
Remove Ads.
Support Sporcle.
Get the best of Sporcle when you Go Orange. This ad-free experience offers more features, more stats, and more fun while also helping to support Sporcle. Thank you for becoming a member.

Show Comments

Extras

Top Quizzes Today


Score Distribution

Your Account Isn't Verified!

In order to create a playlist on Sporcle, you need to verify the email address you used during registration. Go to your Sporcle Settings to finish the process.

Report this User

Report this user for behavior that violates our Community Guidelines.

Details: